| 000 | 01062nam a22002657a 4500 | ||
|---|---|---|---|
| 999 |
_c64941 _d64941 |
||
| 005 | 20240530110758.0 | ||
| 008 | 190116s2017 ua h f 000 0dara d | ||
| 017 |
_a2017/4695 _bمصر. دار الكتب |
||
| 020 | _a978977911988 | ||
| 040 |
_aEG-CaGPL _cEG-CaGPL |
||
| 082 | 0 | 4 |
_221 _a791.43 / _bهـ ك |
| 100 | 0 | _aهاشم النحاس | |
| 245 | 1 | 0 |
_aكتابات تاسيسية فى الثقافة السينمائية / _cتاليف هاشم النحاس ؛ تقديم محمد كامل القليوبى |
| 250 | _aط. 1 | ||
| 260 |
_aالقاهرة : _bالهيئة المصرية العامة للكتاب، _c2017. |
||
| 300 |
_a187 ص. : _bصور ؛ _c24 سم. |
||
| 490 | 0 |
_aرؤى سينمائية ؛ _v1 |
|
| 650 | 0 | 7 |
_2qrmak _aالسينما _xالجوانب الثقافية |
| 650 | 0 | 7 |
_2qrmak _aالسينما _xالجوانب الاجتماعية |
| 651 | _2qrmak | ||
| 653 | 0 | _aالسنيما - نقد | |
| 700 | 0 |
_aمحمد كامل القليوبى _eمقدم |
|
| 942 |
_2ddc _cBK |
||